Logo BPK

Biblioteka

Politechniki Koszalińskiej

"...swego nie znacie..." Katalog zabytków : (Rekord nr 51004)

Szczegóły MARC
000 -ETYKIETA REKORDU
podpole kontrolne o stałej długości 01192nam a2200217 i 4500
001 - NUMER KONTROLNY REKORDU
pole kontrolne bgj
040 ## - ŹRÓDŁO KATALOGOWANIA
Instytucja, która utworzyła rekord BPK
041 0# - KOD JĘZYKA
Kod języka tekstu pol
008 - POLE O STAŁEJ DŁUGOŚCI - DANE KONTROLNE
podpole kontrolne o stałej długości s pl f |000 0 pol
110 2# - NAZWA CIAŁA ZBIOROWEGO
Nazwa ciała zbiorowego Telewizja Polska.
245 00 - TYTUŁ/ODPOWIEDZIALNOŚĆ
Tytuł "...swego nie znacie..." Katalog zabytków :
Ciąg dalszy tytułu telewizyjne audycje dla szkół podstawowych, gimnazjów i szkół ponadgimnazjalnych /
Pozostałe elementy strefy tytułu i oznaczenia odpowiedzialności Telewizja Polska S. A.
260 ## - STREFA ADRESU WYDAWNICZEGO
Miejsce wydania Warszawa :
Nazwa wydawcy/dystrybutora MENiS,
Data publikacji, dystrybucji/powstania dokumentu 2004.
300 ## - STREFA OPISU FIZYCZNEGO
Objętość video cassette ;
Rozmiary 185 min.
490 1# - STREFA SERII I DOKUMENTU WIELOCZĘŚCIOWEGO - FORMA NIE DO WYSZUKIWANIA
Tytuł i oznaczenie odpowiedzialności serii Powszechna Wideoteka Edukacyjna
505 ## - SFORMALIZOWANA UWAGA DOTYCZĄCA ZAWARTOŚCI
Pełny tekst uwagi Tematy audycji telewizyjnych: "Chotyniec", "Dębno Podhalańskie", "Gidle - Kościół św. Magdaleny", "Gosprzydowa", "Grębień koło Wielunia", "Grywałd", "Haczów", "Harklowa", "Kadłub koło Wielunia", "Kampinos", "Krempina", "Przydonica", "Łaszew koło Wielunia", "Łopuszna", "Mogiła - Kościół św. Bartłomieja", "Mogiła Opactwo Cystersów", "Mnichów", "Koniecpol", "Popowice koło Wielunia".
650 #9 - HASŁO PRZEDMIOTOWE W FORMIE NAZWY OGÓLNEJ LUB JEDNOSTKOWEJ
Nazwa ogólna lub geograficzna History of Poland
Określnik ogólny Video cassettes in education
650 #9 - HASŁO PRZEDMIOTOWE W FORMIE NAZWY OGÓLNEJ LUB JEDNOSTKOWEJ
Nazwa ogólna lub geograficzna History and society
Określnik ogólny Video cassettes in education
650 #9 - HASŁO PRZEDMIOTOWE W FORMIE NAZWY OGÓLNEJ LUB JEDNOSTKOWEJ
Nazwa ogólna lub geograficzna Regional education
Określnik ogólny Video cassettes in education
830 ## - HASŁO DODATKOWE SERII LUB DOKUMENTU WIELOCZĘŚCIOWEGO - TYTUŁ UJEDNOLICONY
Tytuł ujednolicony Powszechna Wideoteka Edukacyjna
856 ## - LOKALIZACJA I DOSTĘP DO ELEKTRONICZNYCH DOKUMENTÓW ZDALNYCH
Link (URL) http://koha.tu.koszalin.pl/cgi-bin/koha/opac-detail.pl?biblionumber=51004
Tekst linku Katalog online BPK
942 ## - DODATKOWE ELEMENTY (KOHA)
Typ dokumentu Książka
Egzemplarze
Wycofany Status egzemplarza Uszkodzony Dostępność Lokalizacja stała Lokalizacja bieżąca Miejsce przechowywania Sygnatura Kod kreskowy Typ dokumentu
      Dostępny Biblioteka Politechniki Koszalińskiej Biblioteka Politechniki Koszalińskiej Wypożyczalnia Językowa V 95 09051126 Kaseta wideo
© 2023 Biblioteka Politechniki Koszalińskiej :: KOHA